[Event "Katowice rapid op"]
[Site "Katowice"]
[Date "2025.06.02"]
[Round "3"]
[White "Tokarz, Izabela"]
[Black "Barski, Radoslaw"]
[Result "0-1"]
[WhiteElo "2076"]
[BlackElo "2263"]
[PlyCount "104"]
[EventDate "2025.05.31"]
[EventType "swiss"]
[EventRounds "11"]
[EventCountry "POL"]
[SourceTitle "CB24_2025"]
[SourceDate "2025.06.11"]
[SourceVersion "1"]
[SourceVersionDate "2025.06.11"]
[SourceQuality "1"]

1. d4 Nf6 2. c4 e6 3. Nf3 d5 4. Nc3 Nbd7 5. Bf4 Bb4 6. e3 0-0 7. Bd3 c5 8. a3 Bxc3+ 9. bxc3 Qa5 10. Qc2 dxc4 11. Bxc4 b5 12. Be2 Bb7 13. 0-0 Rac8 14. Qb2 Ba6 15. a4 bxa4 16. Bxa6 Qxa6 17. Qa3 cxd4 18. cxd4 Nb6 19. Bg5 Ne4 20. Be7 Rfe8 21. Bc5 Ra8 22. Ra2 Rec8 23. Rc1 Qb5 24. h3 f6 25. Rb2 Qd7 26. Rbc2 Qd5 27. Rb1 g5 28. Rcc1 h5 29. Rb5 Nd6 30. Rbb1 Ne4 31. Rb5 Kf7 32. Rcb1 Qc4 33. Bxb6 axb6 34. Rxb6 Rc7 35. R6b4 Qc3 36. Qa2 a3 37. Rb6 Qc4 38. R6b3 Nc3 39. Qa1 Nxb1 40. Rxb1 a2 41. Rd1 Qc3 42. Nd2 Qxa1 43. Rxa1 Rb7 44. Kf1 Rb2 45. Ke2 Rc8 46. Kd3 Rcb8 47. Nc4 Rxf2 48. Nd6+ Ke7 49. Nc4 Rb3+ 50. Ke4 Rc3 51. Na5 f5+ 52. Ke5 Rxe3# 0-1

[Event "Katowice rapid op"]
[Site "Katowice"]
[Date "2025.05.31"]
[Round "2"]
[White "Barski, Radoslaw"]
[Black "Pekala, Dawid"]
[Result "1-0"]
[WhiteElo "2263"]
[BlackElo "1961"]
[PlyCount "47"]
[EventDate "2025.05.31"]
[EventType "swiss"]
[EventRounds "11"]
[EventCountry "POL"]
[SourceTitle "CB24_2025"]
[SourceDate "2025.06.11"]
[SourceVersion "1"]
[SourceVersionDate "2025.06.11"]
[SourceQuality "1"]

1. e4 c5 2. Nf3 d6 3. Bb5+ Bd7 4. Bxd7+ Nxd7 5. 0-0 Ngf6 6. Qe2 e6 7. b3 Be7 8. Bb2 0-0 9. c4 a6 10. Nc3 Rc8 11. d4 cxd4 12. Nxd4 Qa5 13. Rac1 Rfd8 14. Kh1 Bf8 15. f4 e5 16. Nf5 exf4 17. Rxf4 g6 18. Ne3 Re8 19. Rcf1 Bg7 20. Ncd5 Nxd5 21. Nxd5 Qxa2 22. Rxf7 Ne5 23. Rxg7+ Kxg7 24. Bxe5+ 1-0

[Event "Vecindario Montalvo Memorial 17th"]
[Site "Vecindario"]
[Date "2025.04.20"]
[Round "9"]
[White "Moreno Diepa, Diego"]
[Black "Barski, Radoslaw"]
[Result "1-0"]
[WhiteElo "2243"]
[BlackElo "2385"]
[PlyCount "71"]
[EventDate "2025.04.12"]
[EventType "swiss"]
[EventRounds "9"]
[EventCountry "ESP"]
[SourceTitle "CB17_2025"]
[SourceDate "2025.04.23"]
[SourceVersion "1"]
[SourceVersionDate "2025.04.23"]
[SourceQuality "1"]

1. e4 e5 2. Nf3 Nc6 3. Bc4 Bc5 4. c3 Nf6 5. d3 d6 6. a4 a6 7. Nbd2 Ba7 8. 0-0 0-0 9. h3 Ne7 10. Re1 Ng6 11. Nf1 c6 12. Ng3 d5 13. Bb3 Bb8 14. Bg5 h6 15. Bxf6 Qxf6 16. exd5 Nf4 17. d4 exd4 18. cxd4 cxd5 19. Ne5 Ba7 20. a5 Be6 21. Qd2 h5 22. Ne2 Nxe2+ 23. Rxe2 Rac8 24. Rd1 Rc7 25. Re3 Qh6 26. Ba2 Rfc8 27. Bb1 Bb8 28. Qe1 Re7 29. Qb4 Rec7 30. Qe1 Re7 31. Qe2 Ree8 32. Re1 Bxe5 33. Rxe5 Rc1 34. Bf5 Rxe1+ 35. Qxe1 Rc8 36. Rxe6 1-0

[Event "Vecindario Montalvo Memorial 17th"]
[Site "Vecindario"]
[Date "2025.04.17"]
[Round "6"]
[White "Barski, Radoslaw"]
[Black "Maerevoet, Sim"]
[Result "1/2-1/2"]
[WhiteElo "2385"]
[BlackElo "2451"]
[PlyCount "46"]
[EventDate "2025.04.12"]
[EventType "swiss"]
[EventRounds "9"]
[EventCountry "ESP"]
[SourceTitle "CB17_2025"]
[SourceDate "2025.04.23"]
[SourceVersion "1"]
[SourceVersionDate "2025.04.23"]
[SourceQuality "1"]

1. e4 c5 2. Nf3 Nc6 3. d4 cxd4 4. Nxd4 e5 5. Nb5 d6 6. N1c3 a6 7. Na3 Be6 8. Nc4 Rb8 9. Ne3 Nf6 10. Bd3 g6 11. 0-0 Bg7 12. Ncd5 Bxd5 13. Nxd5 Nxd5 14. exd5 Ne7 15. Be2 0-0 16. a4 Rc8 17. Re1 f5 18. a5 e4 19. Ra3 Kh8 20. c4 Ng8 21. b4 Be5 22. Bf1 Rf7 23. f4 Bg7 1/2-1/2

[Event "Vecindario Montalvo Memorial 17th"]
[Site "Vecindario"]
[Date "2025.04.14"]
[Round "3"]
[White "Tytynnik, Artem"]
[Black "Barski, Radoslaw"]
[Result "1-0"]
[WhiteElo "2209"]
[BlackElo "2385"]
[PlyCount "71"]
[EventDate "2025.04.12"]
[EventType "swiss"]
[EventRounds "9"]
[EventCountry "ESP"]
[SourceTitle "CB17_2025"]
[SourceDate "2025.04.23"]
[SourceVersion "1"]
[SourceVersionDate "2025.04.23"]
[SourceQuality "1"]

1. d4 Nf6 2. c4 e6 3. g3 d5 4. Nf3 Bb4+ 5. Bd2 Be7 6. Qc2 0-0 7. Bg2 Nbd7 8. 0-0 c6 9. Rd1 a5 10. Bf4 h6 11. b3 Ne4 12. Ne5 Nxe5 13. dxe5 f5 14. Be3 a4 15. bxa4 Qa5 16. cxd5 exd5 17. f3 Bg5 18. Bd4 c5 19. fxe4 cxd4 20. exd5 Be3+ 21. Kh1 Bd7 22. Nd2 Bxa4 23. Nb3 f4 24. Qd3 Bxb3 25. Qxb3 fxg3 26. Rf1 Rf2 27. hxg3 Rxe2 28. Qxb7 Kh8 29. e6 Bg5 30. d6 Re8 31. Qd5 Qc3 32. e7 Bxe7 33. dxe7 R2xe7 34. Qd6 Re5 35. Bf3 Re3 36. Qf4 1-0

[Event "Vecindario Montalvo Memorial 17th"]
[Site "Vecindario"]
[Date "2025.04.13"]
[Round "2"]
[White "Barski, Radoslaw"]
[Black "Bolivar Castro, Alejandro"]
[Result "1-0"]
[WhiteElo "2385"]
[BlackElo "2006"]
[PlyCount "61"]
[EventDate "2025.04.12"]
[EventType "swiss"]
[EventRounds "9"]
[EventCountry "ESP"]
[SourceTitle "CB17_2025"]
[SourceDate "2025.04.23"]
[SourceVersion "1"]
[SourceVersionDate "2025.04.23"]
[SourceQuality "1"]

1. e4 d6 2. d4 Nf6 3. Nc3 e5 4. Nge2 Be7 5. h3 0-0 6. g4 c6 7. Bg2 Nbd7 8. 0-0 h6 9. Ng3 Re8 10. Be3 Nf8 11. f4 b6 12. Qd2 exf4 13. Rxf4 Ng6 14. Rf2 Nh7 15. Raf1 Ng5 16. Nf5 Bxf5 17. gxf5 Nh4 18. Rf4 Nxg2 19. Qxg2 Bf6 20. Rg4 Nh7 21. Bxh6 Bxd4+ 22. Kh1 Kf8 23. f6 Nxf6 24. Bxg7+ Ke7 25. Bxf6+ Bxf6 26. Qf3 Kd7 27. Qxf6 Re7 28. Rg7 Qh8 29. Qf5+ Kc7 30. Qh7 Kd7 31. Rfxf7 1-0

[Event "CZE-chT1E 2425"]
[Site "Czech Republic"]
[Date "2025.04.06"]
[Round "11.3"]
[White "Barski, Radoslaw"]
[Black "Gnida, Patrik"]
[Result "1-0"]
[WhiteElo "2392"]
[BlackElo "2234"]
[PlyCount "79"]
[EventDate "2024.10.20"]
[EventType "team-tourn"]
[EventRounds "11"]
[EventCountry "CZE"]
[SourceTitle "CB16_2025"]
[SourceDate "2025.04.16"]
[SourceVersion "1"]
[SourceVersionDate "2025.04.16"]
[SourceQuality "1"]
[WhiteTeam "Poruba Slavoj II"]
[BlackTeam "Hostalkova"]
[WhiteTeamCountry "CZE"]
[BlackTeamCountry "CZE"]

1. e4 e5 2. Nf3 Nf6 3. Nxe5 Nxe4 4. Be2 Nc6 5. Nf3 d5 6. 0-0 Bd6 7. Re1 0-0 8. d3 Nf6 9. Bg5 Be6 10. d4 Qd7 11. Bxf6 gxf6 12. Nbd2 Kh8 13. Nf1 Rg8 14. Qd2 f5 15. Bb5 f4 16. g3 Qe7 17. Bxc6 bxc6 18. Ne5 Qf6 19. Kh1 Rg5 20. Qxf4 Rf5 21. Qe3 Rxf2 22. Nd2 Bxe5 23. dxe5 Qf5 24. Kg1 Rxd2 25. Qxd2 c5 26. Qf2 Rb8 27. Qxc5 h5 28. b3 Rg8 29. Qf2 Qg4 30. Rad1 c5 31. Rf1 Rg6 32. Qxc5 h4 33. Rd4 Qg5 34. Qf8+ Kh7 35. Rxf7+ Bxf7 36. Qxf7+ Kh8 37. Rxh4+ Qxh4 38. Qe8+ Rg8 39. Qxg8+ Kxg8 40. gxh4 1-0

[Event "CZE-chT1E 2425"]
[Site "Czech Republic"]
[Date "2025.03.22"]
[Round "10.3"]
[White "Sluka, Radek"]
[Black "Barski, Radoslaw"]
[Result "1-0"]
[WhiteElo "2287"]
[BlackElo "2392"]
[PlyCount "101"]
[EventDate "2024.10.20"]
[EventType "team-tourn"]
[EventRounds "11"]
[EventCountry "CZE"]
[SourceTitle "CB16_2025"]
[SourceDate "2025.04.16"]
[SourceVersion "1"]
[SourceVersionDate "2025.04.16"]
[SourceQuality "1"]
[WhiteTeam "Grygov Proclient"]
[BlackTeam "Poruba Slavoj II"]
[WhiteTeamCountry "CZE"]
[BlackTeamCountry "CZE"]

1. e4 c5 2. Nf3 Nc6 3. d4 cxd4 4. Nxd4 e5 5. Nb5 d6 6. N1c3 a6 7. Na3 Be6 8. Nc4 Rb8 9. Ne3 Nf6 10. Bd3 g6 11. 0-0 Bg7 12. Ncd5 Bxd5 13. Nxd5 Nxd5 14. exd5 Ne7 15. Be2 0-0 16. a4 e4 17. a5 h6 18. Ra3 g5 19. Kh1 Ng6 20. b4 Ne5 21. f4 exf3 22. gxf3 Rc8 23. f4 gxf4 24. Rxf4 f5 25. Rg3 Kh7 26. c4 Qd7 27. Rh4 Rf6 28. Bb2 f4 29. Bxe5 dxe5 30. Qd3+ Kh8 31. Rg1 Qf5 32. Qxf5 Rxf5 33. Bg4 Rff8 34. Bxc8 Rxc8 35. c5 Rf8 36. Rhg4 Bf6 37. Kg2 h5 38. Rg6 e4 39. Rh6+ Kg7 40. Rxh5 Kg6 41. Rh3 Bd4 42. Rd1 f3+ 43. Kf1 Bc3 44. Kf2 Bxb4 45. Ke3 f2 46. Rg3+ Kh5 47. Ke2 Bxc5 48. Kf1 e3 49. d6 b6 50. d7 Bd4 51. Rf3 1-0

[Event "CZE-chT1E 2425"]
[Site "Czech Republic"]
[Date "2025.02.16"]
[Round "8.1"]
[White "Riha, Vojtech"]
[Black "Barski, Radoslaw"]
[Result "1/2-1/2"]
[WhiteElo "2261"]
[BlackElo "2392"]
[PlyCount "85"]
[EventDate "2024.10.20"]
[EventType "team-tourn"]
[EventRounds "11"]
[EventCountry "CZE"]
[SourceTitle "CB16_2025"]
[SourceDate "2025.04.16"]
[SourceVersion "1"]
[SourceVersionDate "2025.04.16"]
[SourceQuality "1"]
[WhiteTeam "Chotebor"]
[BlackTeam "Poruba Slavoj II"]
[WhiteTeamCountry "CZE"]
[BlackTeamCountry "CZE"]

1. e4 c5 2. Nf3 Nc6 3. Bb5 Nf6 4. Bxc6 dxc6 5. Nc3 Bg4 6. d3 Nd7 7. h3 Bh5 8. Be3 e5 9. Qe2 f6 10. g4 Bf7 11. Nd2 Bd6 12. Qf1 Nf8 13. f4 Ne6 14. fxe5 Bxe5 15. Nf3 Bg3+ 16. Bf2 Bf4 17. Qg1 Qa5 18. Be3 0-0-0 19. Bxf4 Nxf4 20. Qh2 g5 21. h4 h6 22. hxg5 fxg5 23. a3 Be6 24. Rg1 c4 25. d4 h5 26. gxh5 Rxh5 27. Qd2 Nh3 28. Rf1 g4 29. Ng1 g3 30. 0-0-0 Bg4 31. Rde1 Qg5 32. Nxh3 Bxh3 33. Rg1 Qxd2+ 34. Kxd2 Rxd4+ 35. Ke3 Rd8 36. Rxg3 Bd7 37. Re2 Re8 38. Rg7 Be6 39. Rf2 Rh3+ 40. Rf3 Rh2 41. Rf2 Rh3+ 42. Rf3 Rh2 43. Rf2 1/2-1/2

[Event "Paleochora op 17th"]
[Site "Paleochora"]
[Date "2024.07.27"]
[Round "9"]
[White "Barski, Radoslaw"]
[Black "Tzagarakis, Panagiotis"]
[Result "0-1"]
[WhiteElo "2410"]
[BlackElo "2112"]
[PlyCount "63"]
[EventDate "2024.07.20"]
[EventType "swiss"]
[EventRounds "9"]
[EventCountry "GRE"]
[SourceTitle "CBM 221 Extra"]
[Source "ChessBase"]
[SourceDate "2024.09.30"]
[SourceVersion "1"]
[SourceVersionDate "2024.09.30"]
[SourceQuality "1"]

1. e4 c5 2. Nf3 e6 3. d4 cxd4 4. Nxd4 Nc6 5. Nc3 Qc7 6. Be3 a6 7. a3 b5 8. Nxc6 Qxc6 9. h4 Bb7 10. h5 h6 11. Qd4 Rc8 12. Rh4 Qc7 13. f4 Ne7 14. Rd1 d5 15. Qd2 Rd8 16. exd5 Nxd5 17. Bd4 Ne7 18. Rh3 Nf5 19. Rd3 Be7 20. Be5 Bh4+ 21. g3 Bxg3+ 22. Ke2 Rxd3 23. Qxd3 Qc4 24. Qxc4 bxc4 25. Bh3 f6 26. Bc7 0-0 27. Bxf5 exf5 28. Rd4 Re8+ 29. Kd2 Bf3 30. Rxc4 Bxh5 31. Nd5 Bf7 32. Rd4 0-1

[Event "Paleochora op 17th"]
[Site "Paleochora"]
[Date "2024.07.25"]
[Round "7"]
[White "Barski, Radoslaw"]
[Black "Kotyk, Michael"]
[Result "1/2-1/2"]
[WhiteElo "2410"]
[BlackElo "2127"]
[PlyCount "120"]
[EventDate "2024.07.20"]
[EventType "swiss"]
[EventRounds "9"]
[EventCountry "GRE"]
[SourceTitle "CBM 221 Extra"]
[Source "ChessBase"]
[SourceDate "2024.09.30"]
[SourceVersion "1"]
[SourceVersionDate "2024.09.30"]
[SourceQuality "1"]

1. e4 e5 2. Bc4 Nf6 3. d3 Nc6 4. Nf3 Bc5 5. c3 a6 6. 0-0 d6 7. a4 Ba7 8. Na3 0-0 9. Bg5 h6 10. Bh4 g5 11. Nxg5 hxg5 12. Bxg5 Kg7 13. Qf3 Rh8 14. Nc2 Be6 15. Bd5 Kg6 16. h4 Rh7 17. Ne3 Qh8 18. Bxc6 bxc6 19. Nf5 Ng8 20. d4 f6 21. Be3 Ne7 22. dxe5 dxe5 23. Bxa7 Rxa7 24. Nxe7+ Rxe7 25. Qg3+ Kf7 26. f4 Bc4 27. Rf2 Qh5 28. Qe3 Ra8 29. Qc5 Bd3 30. Qxc6 Rd8 31. Re1 Rd6 32. Qc5 Ke8 33. Re3 Qd1+ 34. Kh2 Qxa4 35. fxe5 fxe5 36. Qa7 Kd7 37. Qa8 Qc6 38. Qg8 Qc4 39. Qg3 Kc6 40. b3 Qxc3 41. Rff3 Red7 42. h5 Qxb3 43. Qxe5 Qb5 44. Qc3+ Kb7 45. e5 Rc6 46. Qa3 Rd4 47. Rh3 Rh6 48. e6 Rxh5 49. Rxd3 Qe5+ 50. Kg1 Qe1+ 51. Kh2 Qe5+ 52. Kg1 Rxh3 53. Qb3+ Ka7 54. Rxh3 Re4 55. Rc3 Qd4+ 56. Kh2 Qe5+ 57. Kg1 Re1+ 58. Kf2 Re2+ 59. Kf1 Re1+ 60. Kf2 Re2+ 1/2-1/2

[Event "Valencia Cuna op 5th"]
[Site "Valencia"]
[Date "2024.07.09"]
[Round "4"]
[White "Barski, Radoslaw"]
[Black "Luque Saiz, Andres"]
[Result "0-1"]
[WhiteElo "2410"]
[BlackElo "2321"]
[PlyCount "48"]
[EventDate "2024.07.06"]
[EventType "swiss"]
[EventRounds "9"]
[EventCountry "ESP"]
[SourceTitle "CBM 221 Extra"]
[Source "ChessBase"]
[SourceDate "2024.09.30"]
[SourceVersion "1"]
[SourceVersionDate "2024.09.30"]
[SourceQuality "1"]

1. e4 c5 2. Nf3 a6 3. Nc3 e6 4. g3 b5 5. Bg2 Bb7 6. d4 cxd4 7. Nxd4 Nc6 8. Nxc6 Bxc6 9. 0-0 Ne7 10. a4 Ng6 11. Nd5 bxa4 12. Be3 Rb8 13. Bd4 f6 14. Qh5 Bd6 15. f4 0-0 16. c4 exd5 17. exd5 Ba8 18. c5 Rb4 19. Qd1 Bc7 20. Rxa4 Qb8 21. Rxa6 d6 22. c6 Qb5 23. Qa1 Rxd4 24. Rxa8 Rd2 0-1

[Event "Valencia Cuna op 5th"]
[Site "Valencia"]
[Date "2024.07.07"]
[Round "2"]
[White "Barski, Radoslaw"]
[Black "Deruelle Sala, Albert"]
[Result "1-0"]
[WhiteElo "2410"]
[BlackElo "2162"]
[PlyCount "71"]
[EventDate "2024.07.06"]
[EventType "swiss"]
[EventRounds "9"]
[EventCountry "ESP"]
[SourceTitle "CBM 221 Extra"]
[Source "ChessBase"]
[SourceDate "2024.09.30"]
[SourceVersion "1"]
[SourceVersionDate "2024.09.30"]
[SourceQuality "1"]

1. e4 e6 2. d4 b6 3. Nf3 Bb7 4. Bd3 c5 5. 0-0 Nf6 6. Nbd2 Nc6 7. e5 Nd5 8. dxc5 bxc5 9. Nc4 Na5 10. Bg5 Qc7 11. Nxa5 Qxa5 12. a3 h6 13. Bd2 Qc7 14. c4 Ne7 15. Re1 Nc6 16. Bc3 Rd8 17. Qe2 d6 18. exd6 Bxd6 19. h3 Nd4 20. Bxd4 cxd4 21. b4 0-0 22. c5 Bf4 23. Be4 Bc8 24. Rad1 f5 25. Bb1 e5 26. g3 e4 27. Nxd4 Bxg3 28. fxg3 Rxd4 29. Rxd4 Qxg3+ 30. Kh1 Bb7 31. Qe3 Qh4 32. Rg1 f4 33. Rd7 Rb8 34. Rgxg7+ Kf8 35. Rdf7+ Ke8 36. Rxf4 1-0

[Event "Paphos op 2nd"]
[Site "Paphos"]
[Date "2024.04.28"]
[Round "4"]
[White "Barski, Radoslaw"]
[Black "Boruchovsky, Avital"]
[Result "0-1"]
[WhiteElo "2434"]
[BlackElo "2528"]
[PlyCount "81"]
[EventDate "2024.04.26"]
[EventType "swiss"]
[EventRounds "9"]
[EventCountry "CYP"]
[SourceTitle "CBM 220 Extra"]
[Source "ChessBase"]
[SourceDate "2024.07.31"]
[SourceVersion "1"]
[SourceVersionDate "2024.07.31"]
[SourceQuality "1"]

1. e4 c5 2. Nf3 d6 3. d4 cxd4 4. Nxd4 Nf6 5. Nc3 Nc6 6. Bg5 e6 7. Qd2 a6 8. 0-0-0 Bd7 9. f4 Be7 10. Nf3 b5 11. Bxf6 gxf6 12. f5 Qb6 13. Kb1 0-0-0 14. fxe6 fxe6 15. Ne2 Na5 16. Nf4 d5 17. exd5 e5 18. Qc3+ Bc6 19. Bd3 b4 20. Qe1 Bb7 21. Be4 Nc4 22. Ne6 Rd7 23. Rd3 Kb8 24. Nd2 Nd6 25. Bf3 Rc8 26. g4 a5 27. Bg2 a4 28. g5 a3 29. b3 Ba6 30. Rf3 fxg5 31. Qxe5 g4 32. Rf4 Ka7 33. Rxg4 Nb5 34. Nc4 Qf2 35. Rg3 Bf6 36. Qe3+ Qxe3 37. Rxe3 Nc3+ 38. Kc1 Nxa2+ 39. Kd2 Bxc4 40. bxc4 Rxc4 41. Rf3 0-1

[Event "Oberliga Nord N 2324"]
[Site "Germany"]
[Date "2024.01.14"]
[Round "4.1"]
[White "Barski, Radoslaw"]
[Black "Reichmann, Hendrik"]
[Result "1-0"]
[WhiteElo "2440"]
[BlackElo "2303"]
[PlyCount "67"]
[EventDate "2023.10.22"]
[EventType "team-tourn"]
[EventRounds "9"]
[EventCountry "GER"]
[SourceTitle "EXT 2025"]
[Source "ChessBase"]
[SourceDate "2024.10.14"]
[SourceVersion "1"]
[SourceVersionDate "2024.10.14"]
[SourceQuality "1"]
[WhiteTeam "Norderstedt"]
[BlackTeam "Schwerin"]
[WhiteTeamCountry "GER"]
[BlackTeamCountry "GER"]

1. e4 c5 2. Nf3 e6 3. b3 Nc6 4. Bb2 d6 5. Nc3 Nf6 6. d4 cxd4 7. Nxd4 Be7 8. Qd2 0-0 9. 0-0-0 a6 10. Kb1 Qc7 11. f4 Nxd4 12. Qxd4 b5 13. Bd3 Bb7 14. f5 Rad8 15. Qe3 e5 16. Qf3 Qc6 17. Rde1 b4 18. Nd5 Nxd5 19. exd5 Qc5 20. f6 Bxf6 21. Qf5 Rfe8 22. Qxh7+ Kf8 23. g4 Ke7 24. g5 Bxg5 25. Bxe5 dxe5 26. Rxe5+ Kd6 27. Rxg5 Qf2 28. Qxg7 f6 29. Rgg1 Rg8 30. Qxg8 Rxg8 31. Rxg8 Bxd5 32. Rf1 Qxh2 33. Rd8+ Kc5 34. Rf5 1-0

[Event "CZE-chT1E 2324"]
[Site "Czech Republic"]
[Date "2023.12.10"]
[Round "4.1"]
[White "Svanda, Ondrej"]
[Black "Barski, Radoslaw"]
[Result "1/2-1/2"]
[WhiteElo "2370"]
[BlackElo "2440"]
[PlyCount "108"]
[EventDate "2023.10.22"]
[EventType "team-tourn"]
[EventRounds "11"]
[EventCountry "CZE"]
[SourceTitle "EXT 2025"]
[Source "ChessBase"]
[SourceDate "2024.10.14"]
[SourceVersion "1"]
[SourceVersionDate "2024.10.14"]
[SourceQuality "1"]
[WhiteTeam "Stare Mesto"]
[BlackTeam "Poruba Slavoj II"]
[WhiteTeamCountry "CZE"]
[BlackTeamCountry "CZE"]

1. d4 Nf6 2. c4 e6 3. Nc3 Bb4 4. Qc2 d5 5. cxd5 exd5 6. Bf4 0-0 7. e3 c5 8. dxc5 Bxc5 9. Nf3 Nc6 10. Rd1 Be6 11. Be2 h6 12. 0-0 Qe7 13. a3 a6 14. Rc1 Ba7 15. Rfd1 Rac8 16. Qd3 Rcd8 17. Nd4 Bc8 18. Bf3 Ne5 19. Bxe5 Qxe5 20. Nce2 h5 21. g3 h4 22. Bg2 hxg3 23. hxg3 Rfe8 24. Nf4 Bg4 25. Re1 Qg5 26. Qb3 Re7 27. Qb4 Rde8 28. Rf1 Bb8 29. Qa5 Bxf4 30. exf4 Qh5 31. Rc7 Re4 32. Qc3 Be2 33. Nxe2 Rxe2 34. Bf3 Ng4 35. Bxg4 Qxg4 36. Rxb7 R8e3 37. Qxe3 Rxe3 38. fxe3 Qxg3+ 39. Kh1 Qh3+ 40. Kg1 Qg3+ 41. Kh1 Qh3+ 42. Kg1 Qxe3+ 43. Rf2 d4 44. Rb8+ Kh7 45. Rd8 d3 46. Kf1 g6 47. Kg2 g5 48. Rd7 Qe4+ 49. Kg3 Qe3+ 50. Kg2 g4 51. Rxf7+ Kg6 52. Rd7 Kf6 53. f5 Qe4+ 54. Kg3 Qe3+ 1/2-1/2

[Event "Figueira da Foz op 17th"]
[Site "Figueira da Foz"]
[Date "2023.11.06"]
[Round "2"]
[White "Barski, Radoslaw"]
[Black "Fernandes, Joao Pedro Murtinho"]
[Result "1-0"]
[WhiteElo "2437"]
[BlackElo "2149"]
[PlyCount "81"]
[EventDate "2023.11.05"]
[EventType "swiss"]
[EventRounds "9"]
[EventCountry "POR"]
[SourceTitle "CBM 217 Extra"]
[Source "ChessBase"]
[SourceDate "2024.01.31"]
[SourceVersion "1"]
[SourceVersionDate "2024.01.31"]
[SourceQuality "1"]

1. e4 c5 2. Nf3 d6 3. Bb5+ Nd7 4. c3 Ngf6 5. Qe2 a6 6. Ba4 b5 7. Bc2 e5 8. 0-0 Be7 9. d4 Bb7 10. d5 0-0 11. a4 c4 12. Na3 Nc5 13. h3 Bc8 14. Be3 Nfxe4 15. axb5 axb5 16. Nxb5 Bd7 17. Na3 f5 18. Qxc4 Rc8 19. Nxe5 dxe5 20. d6+ Be6 21. dxe7 Qxe7 22. Qe2 Bd5 23. Rfd1 Ba8 24. Nc4 Qe6 25. Ra7 Kh8 26. Bxc5 Rxc5 27. Ne3 Bc6 28. Bxe4 Bxe4 29. Rdd7 Rg8 30. f3 Bc6 31. Re7 Qg6 32. Rac7 h6 33. Nc4 e4 34. f4 Ra8 35. Kh2 Rxc4 36. Qxc4 Qd6 37. Qd4 Qxd4 38. cxd4 Bd5 39. Rxg7 Ra2 40. Rh7+ Kg8 41. Rhd7 1-0

[Event "Figueira da Foz op 17th"]
[Site "Figueira da Foz"]
[Date "2023.11.05"]
[Round "1"]
[White "Shadhursshaan, R."]
[Black "Barski, Radoslaw"]
[Result "0-1"]
[WhiteElo "1899"]
[BlackElo "2437"]
[PlyCount "76"]
[EventDate "2023.11.05"]
[EventType "swiss"]
[EventRounds "9"]
[EventCountry "POR"]
[SourceTitle "CBM 217 Extra"]
[Source "ChessBase"]
[SourceDate "2024.01.31"]
[SourceVersion "1"]
[SourceVersionDate "2024.01.31"]
[SourceQuality "1"]

1. d4 d5 2. c4 e6 3. Nf3 Nf6 4. g3 Be7 5. Bg2 0-0 6. 0-0 a5 7. Nbd2 c6 8. Qc2 b5 9. cxb5 cxb5 10. e4 Qb6 11. e5 Nfd7 12. b3 Nc6 13. Bb2 Ba6 14. Rac1 Rfc8 15. Qb1 a4 16. Rfe1 a3 17. Ba1 Rc7 18. Bf1 Rac8 19. Red1 b4 20. Rc2 Bxf1 21. Nxf1 f6 22. Ne3 fxe5 23. dxe5 Rf8 24. Kg2 Nc5 25. Qc1 Ne4 26. Rxd5 exd5 27. Nxd5 Qb7 28. Nxc7 Nc3 29. Nd5 Nd4 30. Nxe7+ Kh8 31. Rxc3 bxc3 32. Qxc3 Nxf3 33. Nc6 Ng5 34. h4 Rxf2+ 35. Kg1 Nh3+ 36. Kh1 Qd7 37. Qd4 Qxc6+ 38. Qd5 Qxd5# 0-1

[Event "Lagos op 1st"]
[Site "Lagos"]
[Date "2023.11.04"]
[Round "9"]
[White "Loiacono, Leonardo"]
[Black "Barski, Radoslaw"]
[Result "0-1"]
[WhiteElo "2289"]
[BlackElo "2440"]
[PlyCount "68"]
[EventDate "2023.10.28"]
[EventType "swiss"]
[EventRounds "9"]
[EventCountry "POR"]
[SourceTitle "CBM 217 Extra"]
[Source "ChessBase"]
[SourceDate "2024.01.31"]
[SourceVersion "1"]
[SourceVersionDate "2024.01.31"]
[SourceQuality "1"]

1. e4 e5 2. Nf3 Nc6 3. Bc4 Nf6 4. d3 Bc5 5. 0-0 d6 6. c3 a6 7. a4 Ba7 8. Re1 0-0 9. Nbd2 Ng4 10. Re2 Kh8 11. h3 f5 12. Nf1 Nf6 13. exf5 Bxf5 14. d4 e4 15. N3h2 d5 16. Bb3 Ne7 17. g4 Bc8 18. Bg5 c6 19. Qd2 h6 20. Bf4 Ng6 21. Bg3 Nh7 22. Bc2 Ng5 23. Kh1 Bb8 24. h4 Nf3 25. Nxf3 Rxf3 26. h5 Nh4 27. Bxb8 Rxb8 28. Nh2 Rh3 29. Qf4 Nf3 30. Qxb8 Rxh2+ 31. Qxh2 Nxh2 32. Kxh2 Qh4+ 33. Kg2 Qxg4+ 34. Kf1 Qf3 0-1

[Event "Lagos op 1st"]
[Site "Lagos"]
[Date "2023.11.01"]
[Round "6"]
[White "Barski, Radoslaw"]
[Black "Wegener, Olaf"]
[Result "1/2-1/2"]
[WhiteElo "2440"]
[BlackElo "2406"]
[PlyCount "109"]
[EventDate "2023.10.28"]
[EventType "swiss"]
[EventRounds "9"]
[EventCountry "POR"]
[SourceTitle "CBM 217 Extra"]
[Source "ChessBase"]
[SourceDate "2024.01.31"]
[SourceVersion "1"]
[SourceVersionDate "2024.01.31"]
[SourceQuality "1"]

1. e4 c5 2. Nc3 d6 3. d4 cxd4 4. Qxd4 Nc6 5. Qd2 Nf6 6. b3 e6 7. Bb2 d5 8. exd5 exd5 9. 0-0-0 Be6 10. Nge2 Qa5 11. Kb1 Bb4 12. Qg5 0-0-0 13. f3 h6 14. Qe3 d4 15. Nxd4 Nxd4 16. Rxd4 Rxd4 17. Qxd4 Rd8 18. Qe3 Re8 19. Bb5 Re7 20. Qd3 a6 21. Bc4 Bxc4 22. bxc4 Rd7 23. Qe3 Bc5 24. Qe5 Qb4 25. Nd5 Qxc4 26. Nxf6 gxf6 27. Qxf6 Bd4 28. Qf4 Qb5 29. Qc1 Bxb2 30. Qxb2 Qxb2+ 31. Kxb2 Rd2 32. Rg1 Rf2 33. Kc3 b5 34. a3 Kc7 35. h4 Kc6 36. h5 a5 37. Kd3 Kd5 38. Rb1 Kc5 39. Re1 Kd6 40. Re2 Rf1 41. Ke4 Ra1 42. Re3 Ke6 43. Rb3 Kf6 44. Kf4 a4 45. Rxb5 Rxa3 46. Rb6+ Kg7 47. Rc6 Ra1 48. Ke3 a3 49. Ra6 Re1+ 50. Kd2 Ra1 51. Kc3 Rg1 52. Rxa3 Rxg2 53. Ra5 Kf6 54. Kd3 Rf2 55. Ke4 1/2-1/2

[Event "Lagos op 1st"]
[Site "Lagos"]
[Date "2023.10.31"]
[Round "5"]
[White "Safarli, Eltaj"]
[Black "Barski, Radoslaw"]
[Result "1-0"]
[WhiteElo "2612"]
[BlackElo "2440"]
[PlyCount "77"]
[EventDate "2023.10.28"]
[EventType "swiss"]
[EventRounds "9"]
[EventCountry "POR"]
[SourceTitle "CBM 217 Extra"]
[Source "ChessBase"]
[SourceDate "2024.01.31"]
[SourceVersion "1"]
[SourceVersionDate "2024.01.31"]
[SourceQuality "1"]

1. e4 e6 2. d4 d5 3. Nd2 c5 4. Ngf3 cxd4 5. exd5 Qxd5 6. Bc4 Qd7 7. 0-0 a6 8. Nb3 Nc6 9. a4 Nf6 10. Nbxd4 Nxd4 11. Qxd4 Qxd4 12. Nxd4 Bd7 13. Bf4 Rc8 14. Be2 Bc5 15. Nb3 Ba7 16. c3 Bc6 17. Na5 Bd5 18. c4 Be4 19. b4 Bd4 20. Ra3 b6 21. Nb3 Bc3 22. b5 Bb4 23. Ra2 a5 24. Be3 Nd7 25. Rd1 Nc5 26. Nxc5 bxc5 27. Bf4 f6 28. Bh5+ g6 29. Re2 gxh5 30. Rxe4 e5 31. Be3 Kf7 32. f4 Bc3 33. fxe5 Bxe5 34. Bf4 Bxf4 35. Rxf4 Rhd8 36. Rxd8 Rxd8 37. Rf5 Rd1+ 38. Kf2 Rd2+ 39. Kf3 1-0